Score 0/39 Timer 07:00
2 Plays Today
State City % Correct
New YorkNew York
91.2%
AlaskaAnchorage
85.8%
PennsylvaniaPhiladelphia
84.7%
HawaiiHonolulu
84.7%
IndianaIndianapolis
84.3%
OklahomaOklahoma City
81.7%
MinnesotaMinneapolis
78.2%
KansasKansas City
74.6%
DelawareDover
68.2%
ColoradoColorado Springs
66.7%
New JerseyNewark
65.3%
VirginiaVirginia Beach
60.2%
IowaIowa City
48.1%
South DakotaSioux Falls
43.9%
FloridaFort Lauderdale
40.5%
MontanaMissoula
39.3%
LouisianaLafayette
37.8%
NevadaNorth Las Vegas
33.4%
IdahoIdaho Falls
26.3%
New HampshireNashua
24.2%
State City % Correct
West VirginiaWheeling
21.2%
AlabamaAuburn
20.8%
CaliforniaChula Vista
18.5%
TexasTyler
17.2%
OregonOregon City
12.3%
MississippiMeridian
11.4%
WisconsinWaukesha
11.1%
GeorgiaGainesville
9%
MassachusettsMalden
7.4%
NebraskaNorfolk
7.3%
ArkansasArkadelphia
7%
North CarolinaNew Bern
6.3%
ArizonaAvondale
6.1%
MichiganMidland
4.9%
OhioOxford
4.8%
WashingtonWenatchee
4%
South CarolinaSummerville
3.1%
TennesseeTullahoma
2.6%
MissouriMaryland Heights
1.6%
Remove Ads.
Support Sporcle.
Get the best of Sporcle when you Go Orange. This ad-free experience offers more features, more stats, and more fun while also helping to support Sporcle. Thank you for becoming a member.

You're not logged in!

Compare scores with friends on all Sporcle quizzes.
OR
Log In

Sporcle TV

Today on Sporcle TV


Watch our educational content, quiz creation guides, and fun videos on Sporcle TV.

Show Comments

Extras

Top Quizzes Today


Score Distribution

Paid Content

Your Account Isn't Verified!

In order to create a playlist on Sporcle, you need to verify the email address you used during registration. Go to your Sporcle Settings to finish the process.

Report this User

Report this user for behavior that violates our Community Guidelines.

Details: